000 00946cab a2200265 4500
001 Z3856
008 090401t1993 xxu||||| |||| 00| 0 eng d
035 _a(Sirsi) u55630
041 _aeng
245 _aScientific and technical review
260 _c1993
300 _aLOAN
350 _a0
490 _aConservation Bulletin
_vsupplement (2) July 1993 (12)
520 _aCovers professional aspects of the preservation and restoration of ancient monuments or buildings undertaken by English Heritage, use of CPI, structural first aid after a disaster, measured surveys, lightning protection for historic buildings, use of natural wall cappings for dry stone walls.
650 _aANCIENT MONUMENTS
650 _aENGLISH HERITAGE
650 _aHISTORIC BUILDINGS
650 _aLIGHTNING PROTECTION
650 _aMEASURED SURVEYS
650 _aPROJECT INFORMATION
690 _aCONSERVATION
942 _n0
948 _c04/03/1997
999 _c34002
_d34002